000 00674nam a22001937a 4500
008 160528b xxu||||| |||| 00| 0 eng d
020 _a9812544038
082 _22002
_aDC 615
_bR27p
100 _99656
_aReiss, Barry S.
245 _aPharmacological aspects of nursing care/
_cBarry S. Reiss and Mary E. Evans; revised by Bonita E. Broyles.
250 _a6th Edition
260 _aAustralia:
_bThomson Delmar Learning,
_cc2002.
300 _axviii, 957 pages:
_billustrations;
_c25 cm.
500 _aIncludes appendices, glossary and index.
650 0 _99662
_aPharmacology
650 0 _99664
_aDrugs
700 _99666
_aEvans, Mary E.
_eAuthor
942 _2ddc
_cDC
999 _c2906
_d2906